NFL AFC East Champions since 2004 - Statistics

General Stats
  • This quiz has been taken 56 times
  • The average score is 20 of 20
Answer Stats
Hint Answer % Correct
2004 New England Patriots
100%
2005 New England Patriots
100%
2006 New England Patriots
100%
2007 New England Patriots
100%
2009 New England Patriots
100%
2010 New England Patriots
100%
2011 New England Patriots
100%
2012 New England Patriots
100%
2013 New England Patriots
100%
2014 New England Patriots
100%
2015 New England Patriots
100%
2016 New England Patriots
100%
2017 New England Patriots
100%
2018 New England Patriots
100%
2019 New England Patriots
100%
2020 Buffalo Bills
94%
2021 Buffalo Bills
94%
2022 Buffalo Bills
94%
2023 Buffalo Bills
94%
2008 Miami Dolphins
89%
No matching quizzes found
Score Distribution
Percent of People with Each Score
Percentile by Number Answered
Your Score History
You have not taken this quiz